Alle Minderheiten Deutschlands - Statistiken

Allgemein
  • Dieses Quiz wurde 354 mal gespielt
  • Das Durchschnittsergebnis liegt bei 21 aus 30
Antwortstatistiken
Bevölkerung Land % Korrekt
1,472,390 Türkei
98%
862,535 Polen
96%
260,395 Russland
91%
646,460 Italien
89%
177,755 Spanien
87%
789,465 Syrien
87%
140,290 Frankreich
86%
186,725 Österreich
84%
121,645 USA
81%
149,195 China
80%
151,145 Niederlande
79%
138,410 Portugal
78%
363,650 Griechenland
76%
143,545 Ukraine
75%
237,755 Serbien
73%
414,890 Kroatien
71%
748,225 Rumänien
70%
360,170 Bulgarien
68%
263,420 Afghanistan
67%
255,050 Irak
67%
121,835 Iran
66%
93,365 Vereinigtes Königreich
65%
203,265 Bosnien und Herzegowina
63%
143,725 Indien
63%
211,740 Ungarn
59%
232,075 Kosovo
51%
78,250 Marokko
49%
75,495 Pakistan
42%
99,725 Vietnam
36%
115,210 Nordmazedonien
29%
Keine übereinstimmenden Quizze gefunden
Verteilung der Resultate
Anzahl Personen mit jedem Resultat
Perzentil nach korrekt beantworteten Fragen
Ihre Resultats-Entwicklung
Sie haben dieses Quiz noch nicht gespielt